00463nam a2200193Ia 4500003000900000008004100009040001300050040001300063041000800076100001800084245008300102250001100185260001600196260000900212300001100221300001200232490000600244700001900250IT-RoPAU120407s9999 xx 000 0 und d aIT-RoPAU cIT-RoPAU aita aLuigi Todesco a"Manuale di cronologia. 3. ed. Vol. I. Tavole cronologiche e genealogiche. " aPadova aGregoriana  c1957 a174 p. c24,5 cm v1 aDaniele Ireneo